BIBLIOTHÈQUE DE LA MAISON DU MEXIQUE

Logo 1 Logo 2

Los primeros mexicanos (notice nᵒ 10676)

détails MARC
000 -Sello discográfico
campo de control de longitud fija 00945nam a2200301 4500
005 - Identificación de versión
campo de control 20251017062846.0
035 ## - Otros números de control del sistema
Número de control del sistema 9831
099 ## - fechas locales
Tipo de ítem Koha LIBRO
100 ## - Datos de procesamiento general
Datos de procesamiento general 20040120d1962 m y1spay5003 ba
105 ## - Campo de datos codificados: Material textual, monográfico
Datos codificados de monografía y 001zy
200 1# - Título y mención de responsabilidad
Título propio Los primeros mexicanos
Designación general del material texto impreso
Otra información del título la vida criolla en el siglo XVII
Primer mención de responsabilidad Fernando Benítez
205 ## - Declaración de edición
Declaración de edición 6a ed
210 ## - Publicación, distribución, etc.
Lugar de publicación, distribución, etc. México
Nombre del editor, distribuidor, etc. Ediciones Era
Fecha de publicación, distribución, etc. 1976
215 ## - Descripción física
Designación de material específico y extensión del ítem 231 p
Dimensiones 20 cm
345 ## - Nota de información de adquisición
Fuente de adquisición/dirección de la suscripción [OBSOLETO] Donación
410 #1 - Series
Título Biblioteca Era
Nombre de parte o sección Ensayo
607 ## - Nombre geográfico utilizado como tema
Elemento de entrada México
Subdivisión temática Historia
Subdivisión cronológica Colonia, 1540-1810
Número Koha 605
607 ## - Nombre geográfico utilizado como tema
Elemento de entrada México
Subdivisión temática Vida social y costumbres
Número Koha 154
660 ## - Código de área geográfica
Código MX
700 ## - Nombre personal - Responsabilidad primaria
Elemento de entrada Benítez Gutiérrez
Parte del nombre distinta del elemento de entrada Fernando
Fechas 1912-2000
Adiciones a los nombres que no sean fechas marqués de San Francisco
Número Koha 1223
801 #0 - Fuente de origen
Agencia cm
900 ## -
-- 1/6095
900 ## -
-- 7100417856\200104
942 ## - ELEMENTOS DE ENTRADA SECUNDARIOS (KOHA)
Tipo de ítem Koha Livre
996 ## -
-- MEX
-- 751145101
-- MMAG
-- 002834
-- 972.02 B467P
-- 20200910LIV
Exemplaires
Estatus retirado Estado de daño Estado de pérdida Fecha de adquisición Biblioteca de origen Biblioteca actual Ubicación en estantería Código de barras Precio de reemplazo Signatura topográfica completa No para préstamo Tipo de ítem Koha Nota pública Nota no pública
      05/08/2025 Casa México Paris Casa México Paris   002834 05/08/2025 972.02 B467P   Livre 20200910LIV 751145101